<?xml version="1.0" encoding="UTF-8"?><?xml-stylesheet type="text/xsl" href="static/style.xsl"?><OAI-PMH xmlns="http://www.openarchives.org/OAI/2.0/" xmlns:xsi="http://www.w3.org/2001/XMLSchema-instance" xsi:schemaLocation="http://www.openarchives.org/OAI/2.0/ http://www.openarchives.org/OAI/2.0/OAI-PMH.xsd"><responseDate>2026-04-17T18:40:04Z</responseDate><request verb="GetRecord" identifier="oai:www.recercat.cat:10256/27399" metadataPrefix="marc">https://recercat.cat/oai/request</request><GetRecord><record><header><identifier>oai:recercat.cat:10256/27399</identifier><datestamp>2025-09-27T19:19:28Z</datestamp><setSpec>com_2072_452966</setSpec><setSpec>com_2072_2054</setSpec><setSpec>col_2072_452969</setSpec></header><metadata><record xmlns="http://www.loc.gov/MARC21/slim" xmlns:dcterms="http://purl.org/dc/terms/" xmlns:xsi="http://www.w3.org/2001/XMLSchema-instance" xmlns:doc="http://www.lyncode.com/xoai" xsi:schemaLocation="http://www.loc.gov/MARC21/slim http://www.loc.gov/standards/marcxml/schema/MARC21slim.xsd">
   <leader>00925njm 22002777a 4500</leader>
   <datafield ind2=" " ind1=" " tag="042">
      <subfield code="a">dc</subfield>
   </datafield>
   <datafield ind2=" " ind1=" " tag="720">
      <subfield code="a">Fonseca Católico, Luis Felippe</subfield>
      <subfield code="e">author</subfield>
   </datafield>
   <datafield ind2=" " ind1=" " tag="260">
      <subfield code="c">2025-05</subfield>
   </datafield>
   <datafield ind2=" " ind1=" " tag="520">
      <subfield code="a">La ausencia de normas explícitas sobre estándares de prueba en el proceso penal brasileño constituye una laguna axiológica que compromete la racionalidad de las decisiones sobre los hechos. A partir de la teoría analítica de Alchourrón y Bulygin, se identifica que la solución formal prevista —la mera exigencia del libre convencimiento para fundamentar las decisiones— resulta insuficiente al desconsiderar propiedades relevantes derivadas de principios estructurantes del Estado de Derecho. Con base en la teoría de los estándares de prueba de Ferrer-Beltrán y en criterios metodológicos depurados tanto para su formulación como para su racionalidad estructural, se extraen parámetros para una inferencia normativa del sistema procesal penal. Se parte de los procedimientos comunes ordinarios, de la progresividad de los ritos y de las capacidades probatorias latentes, con el fin de integrar controles racionalmente exigibles en cada contexto y momento decisorio</subfield>
   </datafield>
   <datafield ind2=" " ind1=" " tag="520">
      <subfield code="a">The absence of explicit rules regarding standards of proof in Brazilian criminal procedure constitutes an axiological gap that undermines the rationality of fact-based decisions. Based on the analytical theory of Alchourrón and Bulygin, it becomes evident that the formally insufficient solution—namely, the mere requirement of free conviction to justify judicial decisions—fails to consider relevant properties derived from foundational principles of the Rule of Law. Drawing on Ferrer-Beltrán’s theory of standards of proof, along with the refined methodological criteria for their formulation and the rationality criteria underpinning their structure, parameters are established for a normative inference within the criminal procedural system. The analysis starts from the ordinary criminal procedures, the progression of procedural paths, and their latent probative capacities, aiming to integrate rationally required controls at each context and decision-making stage</subfield>
   </datafield>
   <datafield ind2=" " ind1=" " tag="520">
      <subfield code="a">16</subfield>
   </datafield>
   <datafield ind1="8" ind2=" " tag="024">
      <subfield code="a">http://hdl.handle.net/10256/27399</subfield>
   </datafield>
   <datafield tag="653" ind2=" " ind1=" ">
      <subfield code="a">Procediment penal -- Brasil</subfield>
   </datafield>
   <datafield tag="653" ind2=" " ind1=" ">
      <subfield code="a">Prova (Dret) -- Brasil</subfield>
   </datafield>
   <datafield tag="653" ind2=" " ind1=" ">
      <subfield code="a">Càrrega de la prova -- Brasil</subfield>
   </datafield>
   <datafield tag="653" ind2=" " ind1=" ">
      <subfield code="a">Procediment penal -- Brasil</subfield>
   </datafield>
   <datafield tag="653" ind2=" " ind1=" ">
      <subfield code="a">Criminal procedure -- Brasil</subfield>
   </datafield>
   <datafield tag="653" ind2=" " ind1=" ">
      <subfield code="a">Evidence (Law) -- Brasil</subfield>
   </datafield>
   <datafield tag="653" ind2=" " ind1=" ">
      <subfield code="a">Burden of proof -- Brasil</subfield>
   </datafield>
   <datafield tag="653" ind2=" " ind1=" ">
      <subfield code="a">Criminal procedure -- Brasil</subfield>
   </datafield>
   <datafield ind2="0" ind1="0" tag="245">
      <subfield code="a">Standards sem Norma: um estudo a partir dos procedimentos comuns no direito processual penal brasileiro</subfield>
   </datafield>
</record></metadata></record></GetRecord></OAI-PMH>